Operatívny model distribučného systému
Autorka popisuje model distribučného systému, ktorý spája operatívne rozhodnutia o stave zásob a rozvoze tovaru v priebehu zvoleného plánovacieho obdobia. Zameriava sa na nižšiu úroveň distribučného systému, t.j. modeluje rozvoz tovaru zo skladu k odberateľom a zásoby u odberateľov. Úloha okružných...
Guardado en:
| Autor principal: | |
|---|---|
| Formato: | Capítulo de libro |
| Lenguaje: | eslovaco |
| Materias: | |
| Etiquetas: |
Sin Etiquetas, Sea el primero en etiquetar este registro!
|
MARC
| LEADER | 00000naa$a2200000$$$4500 | ||
|---|---|---|---|
| 001 | 0019893 | ||
| 005 | 20221128124333.5 | ||
| 041 | 0 | |a slo | |
| 044 | |a SK | ||
| 245 | 1 | 0 | |a Operatívny model distribučného systému |c Ľudmila Jánošíková |
| 520 | |a Autorka popisuje model distribučného systému, ktorý spája operatívne rozhodnutia o stave zásob a rozvoze tovaru v priebehu zvoleného plánovacieho obdobia. Zameriava sa na nižšiu úroveň distribučného systému, t.j. modeluje rozvoz tovaru zo skladu k odberateľom a zásoby u odberateľov. Úloha okružných jázd so zásobami. Riešenie úlohy pomocou algoritmov. Riešenie úlohy riadenia zásob pomocou metódy tabu search. Výpočtové experimenty. | ||
| 610 | 2 | 0 | |a systém |
| 610 | 2 | 0 | |a logistika |
| 610 | 2 | 0 | |a logistika distribučná |
| 610 | 2 | 0 | |a optimalizácia |
| 610 | 2 | 0 | |a modelovanie |
| 100 | 1 | |a Jánošíková, Ľudmila | |